[Event "Torre Blanca Aug 02"]
[Site "Buenos Aires"]
[Date "2002.08.26"]
[Round "6"]
[White "Ledesma, Horacio"]
[Black "Vajnik, Eduard"]
[Result "0-1"]
[WhiteElo "2006"]
[BlackElo "2091"]
[PlyCount "100"]
[EventDate "2002.08.15"]
[EventType "swiss"]
[EventRounds "7"]
[EventCountry "ARG"]
[SourceTitle "EXT 2005"]
[Source "ChessBase"]
[SourceDate "2004.11.15"]
[SourceVersion "1"]
[SourceVersionDate "2004.11.15"]
[SourceQuality "1"]

1. e4 c6 2. d4 d5 3. Nc3 e6 4. Nf3 Nd7 5. Bd3 g6 6. e5 c5 7. 0-0 cxd4 8. Bg5 Qb6 9. Nb5 Bc5 10. Re1 a6 11. Nd6+ Bxd6 12. exd6 Qxd6 13. Nxd4 Nc5 14. Bf1 Ne4 15. Nb5 Qd7 16. Rxe4 axb5 17. Rb4 Ra5 18. Qd4 f6 19. Bxf6 Nxf6 20. Qxf6 Rf8 21. Qd4 Qc6 22. a4 bxa4 23. Rb6 Qc5 24. Rxa4 Qxd4 25. Rxd4 e5 26. Rh4 Rf7 27. f3 Rc7 28. c4 d4 29. Bd3 Ra6 30. Rb5 Re7 31. Kf2 Rf6 32. Ke2 b6 33. Re4 Rfe6 34. Kd2 Ba6 35. Rb4 g5 36. h3 h6 37. Ra4 Bb7 38. Re1 Kf7 39. Be4 Kf6 40. Kd3 Bxe4+ 41. Rxe4 Rc6 42. Ra1 Rec7 43. Rc1 b5 44. b3 Ra7 45. Re2 Ra3 46. Rb2 Kf5 47. Kd2 bxc4 48. bxc4 Kf4 49. c5 Kg3 50. Ke1 Re3+ 0-1

[Event "Torre Blanca Aug 02"]
[Site "Buenos Aires"]
[Date "2002.08.08"]
[Round "2"]
[White "Pedro, Fernando Pablo"]
[Black "Ledesma, Horacio"]
[Result "0-1"]
[WhiteElo "2259"]
[BlackElo "2006"]
[PlyCount "78"]
[EventDate "2002.08.15"]
[EventType "swiss"]
[EventRounds "7"]
[EventCountry "ARG"]
[SourceTitle "EXT 2005"]
[Source "ChessBase"]
[SourceDate "2004.11.15"]
[SourceVersion "1"]
[SourceVersionDate "2004.11.15"]
[SourceQuality "1"]

1. e4 e5 2. Nf3 Nf6 3. Nxe5 d6 4. Nxf7 Kxf7 5. d4 Qe8 6. Bd3 Nc6 7. c3 Be7 8. 0-0 Nd8 9. e5 dxe5 10. dxe5 Ng4 11. Qf3+ Kg8 12. Bc4+ Nf7 13. Bf4 Qc6 14. Bd5 Qg6 15. Nd2 c6 16. Bb3 Be6 17. Qg3 h5 18. h4 Nfh6 19. f3 Bxb3 20. fxg4 Bd5 21. Bxh6 Rxh6 22. g5 Rh8 23. c4 Be6 24. Qe3 Kh7 25. Ne4 b6 26. Kh1 Rhf8 27. b3 Bf5 28. Ng3 Bc5 29. Qe1 Bd3 30. Rf3 Rxf3 31. gxf3 Qe6 32. Kg2 Rf8 33. Qd2 Rxf3 34. Kxf3 Qg4+ 35. Kg2 Be4+ 36. Kf1 Qf3+ 37. Ke1 Qxg3+ 38. Kd1 Qg1+ 39. Qe1 Qd4+ 0-1

[Event "Torre Blanca Otono op"]
[Site "Buenos Aires"]
[Date "2002.04.08"]
[Round "2"]
[White "Converset, Juan Jose"]
[Black "Ledesma, Horacio"]
[Result "1-0"]
[WhiteElo "2229"]
[BlackElo "2006"]
[PlyCount "43"]
[EventDate "2002.04.??"]
[EventType "swiss"]
[EventRounds "7"]
[EventCountry "ARG"]
[SourceTitle "EXT 2005"]
[Source "ChessBase"]
[SourceDate "2004.11.15"]
[SourceVersion "1"]
[SourceVersionDate "2004.11.15"]
[SourceQuality "1"]

1. e4 c5 2. Nf3 d6 3. d4 cxd4 4. Nxd4 Nf6 5. Nc3 a6 6. Bg5 e6 7. f4 b5 8. e5 dxe5 9. fxe5 Qc7 10. Qe2 Nfd7 11. 0-0-0 Bb7 12. Qg4 Qxe5 13. Bd3 Nf6 14. Qh4 Be7 15. Rhe1 Qc5 16. Rxe6 fxe6 17. Nxe6 Qb4 18. Bg6+ hxg6 19. Qxh8+ Bf8 20. Bxf6 Nc6 21. Qg8 gxf6 22. Ng7+ 1-0

[Event "Torre Blanca Copa de Campeones"]
[Site "Buenos Aires"]
[Date "2001.11.19"]
[Round "5"]
[White "Groesman, Gustavo"]
[Black "Ledesma, Horacio"]
[Result "1-0"]
[WhiteElo "2033"]
[BlackElo "1816"]
[PlyCount "65"]
[EventDate "2001.11.05"]
[EventType "swiss"]
[EventRounds "7"]
[EventCountry "ARG"]
[SourceTitle "EXT 2003"]
[Source "ChessBase"]
[SourceDate "2002.11.25"]
[SourceVersion "1"]
[SourceVersionDate "2002.11.25"]
[SourceQuality "1"]

1. d4 Nf6 2. c4 g6 3. Nc3 Bg7 4. Nf3 d6 5. g3 0-0 6. Bg2 c5 7. d5 e6 8. 0-0 exd5 9. cxd5 Re8 10. Re1 Na6 11. e4 Bg4 12. h3 Bxf3 13. Bxf3 Qd7 14. Bf4 b5 15. a4 Nc7 16. axb5 Nxb5 17. Nxb5 Qxb5 18. Bxd6 Nd7 19. Re2 Bd4 20. Qa4 Qxa4 21. Rxa4 Nb6 22. Ra2 f5 23. exf5 Rxe2 24. Bxe2 Re8 25. Bb5 Re1+ 26. Kg2 gxf5 27. g4 c4 28. Bg3 Re2 29. d6 f4 30. Bh4 Rd2 31. d7 Nxd7 32. Bxd7 Bxb2 33. Be6+ 1-0